Nothing can stop the course of history / (Record no. 125528)
[ view plain ]
| 000 -LEADER | |
|---|---|
| fixed length control field | 01337cam a2200385 a 4500 |
| 001 - CONTROL NUMBER | |
| control field | 1463409 |
| 003 - CONTROL NUMBER IDENTIFIER | |
| control field | ARRUPE |
| 005 - DATE AND TIME OF LATEST TRANSACTION | |
| control field | 20161017143804.0 |
| 008 - FIXED-LENGTH DATA ELEMENTS--GENERAL INFORMATION | |
| fixed length control field | 860520s1986 nyuaf 001 0 eng |
| 010 ## - LIBRARY OF CONGRESS CONTROL NUMBER | |
| LC control number | 86061524 |
| 020 ## - INTERNATIONAL STANDARD BOOK NUMBER | |
| International Standard Book Number | 0873486609 (cloth) |
| 020 ## - INTERNATIONAL STANDARD BOOK NUMBER | |
| International Standard Book Number | 0873486617 (pbk.) |
| 040 ## - CATALOGING SOURCE | |
| Original cataloging agency | DLC |
| Transcribing agency | DLC |
| Modifying agency | DLC |
| 041 1# - LANGUAGE CODE | |
| Language code of text/sound track or separate title | eng |
| Language code of original and/or intermediate translations of text | spa |
| 043 ## - GEOGRAPHIC AREA CODE | |
| Geographic area code | nwcu--- |
| -- | cl----- |
| 050 00 - LIBRARY OF CONGRESS CALL NUMBER | |
| Classification number | F1788.22.C3 |
| 082 00 - DEWEY DECIMAL CLASSIFICATION NUMBER | |
| Classification number | 972.9106/4 |
| Edition number | 20 |
| 300 ## - PHYSICAL DESCRIPTION | |
| Other physical details | ill. ; |
| Dimensions | 22 cm. |
| 100 1# - MAIN ENTRY--PERSONAL NAME | |
| Personal name | Castro, Fidel, |
| Dates associated with a name | 1926- |
| 9 (RLIN) | 26807 |
| 245 10 - TITLE STATEMENT | |
| Title | Nothing can stop the course of history / |
| Statement of responsibility, etc | Fidel Castro ; interview by Jeffrey M. Elliot and Mervyn M. Dymally. |
| 250 ## - EDITION STATEMENT | |
| Edition statement | 1st ed. |
| 260 ## - PUBLICATION, DISTRIBUTION, ETC. (IMPRINT) | |
| Place of publication, distribution, etc | New York : |
| Name of publisher, distributor, etc | Pathfinder Press, |
| Date of publication, distribution, etc | 1986. |
| 300 ## - PHYSICAL DESCRIPTION | |
| Extent | 258 p.; |
| 500 ## - GENERAL NOTE | |
| General note | Translation of: Nada podrĂ¡ detener la marcha de la historia. |
| 500 ## - GENERAL NOTE | |
| General note | Includes index. |
| 600 10 - SUBJECT ADDED ENTRY--PERSONAL NAME | |
| Personal name | Castro, Fidel, |
| Dates associated with a name | 1926- |
| Form subdivision | Interviews. |
| 9 (RLIN) | 26808 |
| 650 #0 - SUBJECT ADDED ENTRY--TOPICAL TERM | |
| Topical term or geographic name as entry element | World politics |
| Chronological subdivision | 1945-1989. |
| 9 (RLIN) | 5070 |
| 650 #0 - SUBJECT ADDED ENTRY--TOPICAL TERM | |
| Topical term or geographic name as entry element | International economic relations. |
| 9 (RLIN) | 26809 |
| 650 #0 - SUBJECT ADDED ENTRY--TOPICAL TERM | |
| Topical term or geographic name as entry element | Cuba |
| General subdivision | Politics and government |
| Chronological subdivision | 1959-1990. |
| 9 (RLIN) | 26810 |
| 650 #0 - SUBJECT ADDED ENTRY--TOPICAL TERM | |
| Topical term or geographic name as entry element | Latin America |
| General subdivision | Politics |
| Chronological subdivision | 1948- |
| 9 (RLIN) | 26811 |
| 700 1# - ADDED ENTRY--PERSONAL NAME | |
| Personal name | Elliot, Jeffrey M. |
| 9 (RLIN) | 26812 |
| 700 1# - ADDED ENTRY--PERSONAL NAME | |
| Personal name | Dymally, Mervyn M., |
| Dates associated with a name | 1926-2012. |
| 9 (RLIN) | 26813 |
| 906 ## - LOCAL DATA ELEMENT F, LDF (RLIN) | |
| a | 7 |
| b | cbc |
| c | orignew |
| d | 2 |
| e | opcn |
| f | 19 |
| g | y-gencatlg |
| 942 ## - ADDED ENTRY ELEMENTS (KOHA) | |
| Source of classification or shelving scheme | Library of Congress Classification |
| Koha item type | Monograph ( Printed materials) |
| Withdrawn status | Lost status | Source of classification or shelving scheme | Damaged status | Not for loan | Collection code | Home library | Current library | Shelving location | Date acquired | Total Checkouts | Full call number | Barcode | Date last seen | Price effective from | Koha item type |
|---|---|---|---|---|---|---|---|---|---|---|---|---|---|---|---|
| Library of Congress Classification | Main Collection | ARRUPE LIBRARY | ARRUPE LIBRARY | Main Collection | 17/10/2016 | F1788.22C3 | 46500010785 | 04/04/2018 | 17/10/2016 | Monograph ( Printed materials) |